000 00300nam a22001337a 4500
008 260211b ||||| |||| 00| 0 eng d
020 _a9788846837172
041 _aeng
080 _a0001
100 _a20
101 _aITAL
245 _aIL Ragazzo di Capaci
_cRoberto Melchiorre
942 _2lcc
_cBK
999 _c60766
_d60766